000 01008nam a2200217 i 4500
001 160295
003 ES-MaACL
005 20230906212006.0
008 970902s1871 sp |||| | spa d
080 _a373.5(460.271)(060.55)
110 2 _aInstituto del Noviciado (Madrid)
_9176003
245 1 0 _aMemoria acerca del estado del Instituto del Noviciado de Madrid durante el curso de 1869 a 1870 :
_bleída en el acto solemne de la apertura del curso de 1870 a 1871 /
_cpor Ambrosio Moya de la Torre.
260 _aMadrid :
_b[s.n.],
_c1871 (
_fImp. de Segundo Martínez, impresor del Instituto del Noviciado)
300 _a35 p. ;
_c23 cm.
594 _aApéndice en: T-113-F-2
597 _aSólo hasta la p. 16
610 2 4 _aInstituto del Noviciado (Madrid)-
_vMemorias.
_9159408
700 1 _aMoya de la Torre, Ambrosio.
_9130261
852 4 _aES-MaACL
_jT-114-F-6
_z- Enc. hol., falto de cub. original
_z- Enc. en un vol. facticio
852 4 _aES-MaACL
_jT-113-F-2
_z- Apéndice (p. 17-35)
999 _c160295
_d160295